Seize the day
Gardado en:
| Autor Principal: | |
|---|---|
| Formato: | Libro |
| Idioma: | Undetermined |
| Publicado: |
Inglaterra
Penguin Books
1971
|
| Materias: | |
| Etiquetas: |
Engadir etiqueta
Sen Etiquetas, Sexa o primeiro en etiquetar este rexistro!
|
MARC
| LEADER | 00000nam a2200000Ia 4500 | ||
|---|---|---|---|
| 008 | 170316s9999 xx 000 0 und d | ||
| 090 | |a F-810 B-9s | ||
| 100 | |a Bellow, Saul | ||
| 245 | |a Seize the day | ||
| 260 | |a Inglaterra | ||
| 260 | |b Penguin Books | ||
| 260 | |c 1971 | ||
| 300 | |a 126 páginas | ||
| 650 | |a LITERATURA ESTADOUNIDENSE | ||
| 650 | |a FICCIÓN | ||
| 999 | |c 28736 |d 28736 | ||
| 040 | |a cru BVZT | ||
| 942 | |c 15 D |h F-810 B-9s |2 z | ||
